تصميم منهج الإتصال اللغوى للمدارس الإسلامية بسنغافورة
Saved in:
| Main Author: | |
|---|---|
| Other Authors: | |
| Format: | Thesis |
| Language: | Arabic |
| Published: |
Kuala Lumpur :
Kuliyyat Ma'arif al-Wahy wa-al-'Ulum al-Insaniyah al-Jami'ah al-Islamiyah al-'Alamiyah bi-Maliziya,
2003
|
| Subjects: | |
| Online Access: | Click here to view 1st 24 pages of the thesis. Members can view fulltext at the specified PCs in the library. |
| Tags: |
Add Tag
No Tags, Be the first to tag this record!
|
| LEADER | 029850000a22004810004500 | ||
|---|---|---|---|
| 001 | 282143 | ||
| 005 | 20230420111859.0 | ||
| 006 | |||
| 008 | 040817s2003 my ba g 000 0 ara d | ||
| 035 | |a (Sirsi) 282143 | ||
| 040 | |a UIAM |b eng | ||
| 041 | 0 | |a ara | |
| 043 | |a a-si--- | ||
| 050 | 0 | 0 | |a PJ6068.S55 |
| 100 | 1 | |a Raziff Mustafa Yassin |9 115914 | |
| 242 | 1 | 0 | |a Tasmim manhaj al-ittisal al-lughawi li al-Madaris al-Islamiyah bi Singhafurah |
| 245 | 1 | 0 | |a تصميم منهج الإتصال اللغوى للمدارس الإسلامية بسنغافورة |c رازيف مصطفى ياسين |
| 260 | |a Kuala Lumpur : |b Kuliyyat Ma'arif al-Wahy wa-al-'Ulum al-Insaniyah al-Jami'ah al-Islamiyah al-'Alamiyah bi-Maliziya, |c 2003 | ||
| 300 | |a 142 p. ; |c 30 cm. | ||
| 336 | |2 rdacontent | ||
| 337 | |2 rdamedia | ||
| 338 | |2 rdacarrier | ||
| 500 | |a Abstracts in English and Arabic. | ||
| 500 | |a "Bahth takmili muqaddama li-nayl darjat al-majistir fi 'ulum al-insaniyah fi al-lughah al-'Arabiyah (bi-wasfiha lughat thaniyah)" -- On t.p | ||
| 502 | |a Thesis (M.H.Sc.ASL) -- International Islamic University Malaysia, 2003. | ||
| 504 | |a Includes bibliographical references (leaves 131-135). | ||
| 650 | 0 | |a Arabic language |x Spoken Arabic |z Singapore |9 115915 | |
| 650 | 0 | |a Arabic language |x Study and teaching (Secondary) |z Singapore |9 115916 | |
| 650 | 0 | |a Arabic language |x Study and teaching (Secondary) Malay speakers |9 115917 | |
| 655 | 0 | 7 | |a Theses, IIUM local |
| 690 | 0 | |a Dissertations, Academic |x Department of Arabic Language and Literature |z IIUM | |
| 700 | 1 | 0 | |a رازيف مصطفى ياسين |9 115918 |
| 710 | 2 | |a International Islamic University Malaysia. |b Department of Arabic Language and Literature | |
| 856 | 4 | |u http://studentrepo.iium.edu.my/handle/123456789/8843 |z Click here to view 1st 24 pages of the thesis. Members can view fulltext at the specified PCs in the library. | |
| 900 | |a sar-naw-hana-bs-naw | ||
| 942 | |2 lcc |n 0 | ||
| 999 | |c 431635 |d 463743 | ||
| 952 | |0 0 |6 LU T PJ 6068 S55 R278T 2003 |7 0 |8 THESES |9 754559 |a IIUM |b IIUM |c CLOSEACCES |g 0.00 |o lu t PJ 6068 S55 R278T 2003 |p 00000877096 |r 2017-10-25 |t 2 |v 0.00 |y THESIS | ||
| 952 | |0 0 |6 LU T PJ 6068 S55 R278T 2003 |7 0 |8 THESES |9 754560 |a IIUM |b IIUM |c CLOSEACCES |g 0.00 |o lu t PJ 6068 S55 R278T 2003 |p 00011275404 |r 2017-10-25 |t 3 |v 0.00 |y THESIS | ||
| 952 | |0 0 |6 T PJ 6068 S55 R278T 2003 |7 0 |8 THESES |9 757385 |a IIUM |b IIUM |c MULTIMEDIA |g 0.00 |o t PJ 6068 S55 R278T 2003 |p 00000877097 |r 2017-10-19 |t 1 |v 0.00 |y THESIS | ||
| 952 | |0 0 |6 TS CDF PJ 6068 S55 R278T 2003 |7 0 |8 THESES |9 814274 |a IIUM |b IIUM |c MULTIMEDIA |g 0.00 |o ts cdf PJ 6068 S55 R278T 2003 |p 11100326486 |r 2017-10-26 |t 1 |v 0.00 |y THESISDIG | ||
| 952 | |0 0 |6 TS DK PJ6068S55R278T 2003 |7 0 |8 THESES |9 814275 |a IIUM |b IIUM |c MULTIMEDIA |g 0.00 |o ts dk PJ6068S55R278T 2003 |p 00000877099 |r 2018-10-19 |t 2 |v 0.00 |y THESISDIG | ||
| 952 | |0 0 |6 TS DK PJ6068S55R278T 2003 |7 0 |8 THESES |9 814276 |a IIUM |b IIUM |c MULTIMEDIA |g 0.00 |o ts dk PJ6068S55R278T 2003 |p 00000877098 |r 2018-08-03 |t 1 |v 0.00 |y THESISDIG | ||
